000
00225nam a2200097Ia 4500
005
20250424112853.0
008
250424s9999 xx 000 0 und d
300
_a
90 p. ; 24 cm.
650
_a
Finance--Periodicals.
942
_c
SR
999
_c
37618
_d
37618